000 00713nam a2200205 a 4500
003 0
005 20250228142136.0
008 100902s19uu xx 00 eng d
050 _aPGS RC 567
_b.Sch381 2010
100 _aSchroeder, Stefan Pacifici.
245 _aSmoking habits and temperament /
_cStefan Pacifici Schroeder.
260 _aLas PiƱas City, Philippines :
_bSouthville International School and Colleges,
_c2010.
300 _a26 pages :
_billustrations ;
_c28 cm.
504 _aIncludes bibliographical references.
650 _aSmoking
_vPsychological aspects.
650 _aSmoking
_vSocial aspects.
650 _aTemperament.
650 _aPersonality and occupation.
942 _2lcc
_cPASS
999 _c98339
_d98339